000 00598nam a22002057a 4500
999 _c68991
_d68988
003 PK-NaQUE
005 20251201104644.0
008 251201b ||||| |||| 00| 0 eng d
020 _a0721010911
040 _cQUEST
082 _a690REY
100 _aReynolds, Chalres E.
245 _aExamples of the Design of Buildings to CP110 and Allied Codes
260 _aS.L
_bView Point Publications,
_c1978.
300 _a322p. ;
650 _aBuilding Design-Codes
700 _aSteedman, James C.
856 _uhttp://10.10.170.122:8080/browse/book/29010
_yDownload eBook
942 _cBK
_2ddc